000 00435nam a2200181Ia 4500
001 18136
005 20260306171608.0
008 260306s9999||||xx |||||||||||||| ||und||
041 _aESP
082 _a658.4012
_bG73
100 _aGoodstein, Leonard D.
_eAUT
245 0 _aPlaneación estratégica aplicada
260 _c2000
300 _a442 páginas :
_c23 cm.
650 _aGEN
654 _aCAN
942 _cLIB
_dJUS
_fJUS
_2ddc
_n
999 _c18136
_d18136